000 00490nam a2200181 a 4500
001 2940
003 CO-ViMGA
008 141112s2004 ck r 000 u spa d
040 _aCO-ViMGA
_bspa
_cCO-ViMGA
082 _a794.1 S585
100 1 _aSmullyan, Raymond
_95023
245 1 0 _aJuegos de ajedrez y los misteriosos caballos de arabia
260 _aBarcelona :
_bGedisa,
_c1986
300 _a214 p : il
490 _aHumor y entretenimiento
650 1 4 _aAJEDREZ
_95024
942 _2ddc
_cBK
999 _c10573
_d10573